000 00562nam a2200169 i 4500
001 60062
003 ES-MaACL
005 20250823063038.0
007 t|
008 031103s1954 sp ||||1| spa d
100 1 _aEscario, José Luis,
_d1895-1971
_947511
245 1 0 _aAplicaciones de la mecánica del suelo a la construcción de carreteras /
_cpor José Luis Escario y Núñez del Pino.
260 _aMadrid :
_b[s.n.,
_c1954] (
_fTip. Artística)
300 _a14 p. ;
_c27 cm.
852 _aES-MaACL
_j1962-F-17
_bR.35553
999 _c60062
_d60062